Principles of economics /

Bibliographic Details
Main Author: Hasek, Carl William, 1889-
Other Authors: Brinker, Paul A., Schoemmell, Edward M.
Format: Book
Language:English
Published: New York : Prentice-Hall, inc., 1938.
Subjects:

MARC

Tag First Indicator Second Indicator Subfields
LEADER 00000cam a2200000 4500
001 in00000066607
005 20151007083644.0
008 720801s1938 nyua b 00000 eng
010 |a  38023745  
035 |a (OCoLC)00370842 
035 |9 AAF9685AM 
040 |a DLC  |c KSU  |d TXA  |d UtOrBLW 
049 |a TXAM  |c [197835] 
050 0 |a HB171.5  |b .H33 
092 |a 330  |b H346p 
100 1 |a Hasek, Carl William,  |d 1889- 
245 1 0 |a Principles of economics /  |c by C. W. Hasek. 
264 1 |a New York :  |b Prentice-Hall, inc.,  |c 1938. 
300 |a xiv pages, 643 pages :  |b illustrations ;  |c 24 cm. 
336 |a text  |b txt  |2 rdacontent 
337 |a unmediated  |b n  |2 rdamedia 
338 |a volume  |b nc  |2 rdacarrier 
504 |a "Suggestions for further reading": pages 621-636. 
650 0 |a Economics. 
700 1 |a Brinker, Paul A. 
700 1 |a Schoemmell, Edward M. 
999 |a MARS 
999 f f |s e2e05342-cbd7-3ee1-8b8f-03d4ab0e55c4  |i 5107f940-fb8c-30cb-977c-655f619dbf37  |t 0 
952 f f |p ric  |a Texas A&M University  |b Rellis Campus  |c Joint Library Facility  |d Remote Storage  |t 0  |e HB171.5 .H33  |h Library of Congress classification  |i unmediated -- volume  |m A14800686196 
998 f f |a HB171.5 .H33  |t 0  |l Remote Storage